000 01159nam a22003017a 4500
001 787
005 20230707143128.0
008 230707b cb ||||| |||| 00| 0 eng d
020 _a0448426161
020 _a0448425394 (pbk.)
040 _aVVW
_cVVW
_dDLC
_beng
050 0 0 _aF592.7.S123
_bM55 2001
082 _a921
100 1 _aMilton, Joyce.
245 1 0 _aSacajawea :
_bher true story /
_cby Joyce Milton ; illustrated by Shelly Hehenberger.
250 _aFirst Scholastic printing, November 2006
260 _aNew York :
_bScholastic,
_c2006.
300 _a48 pages :
_bcolor illustrations, color maps ;
_c23 cm.
505 _aO
520 _aA biography of the Shoshoni Indian woman who played an important role in guiding the Lewis and Clark expedition through the Northwest Territory of the United States in 1805-1806.
521 0 _a600
_bLexile
521 0 _aO
_bRaz-Plus
650 0 _aShoshoni women
_vBiography
_vJuvenile literature.
650 0 _aShoshoni Indians
_vBiography
_vJuvenile literature.
700 1 _aHehenberger, Shelly,
_eillustrator.
906 _a7
_bcbc
_ccopycat
_d3
_encip
_f20
_gy-gencatlg
942 _2ddc
_cBK
_n0
999 _c787
_d787